| 000 | 00691nam a22001695i 4500 | ||
|---|---|---|---|
| 001 | 164020 | ||
| 003 | ES-MaACL | ||
| 005 | 20230906212846.0 | ||
| 008 | 050817s1818 fr | |||||||| ||fre d | ||
| 040 |
_aCAM _bspa _cCAM |
||
| 100 | 1 |
_aRousseau, Jean Baptiste. _9132108 |
|
| 245 | 1 | 0 | _aOeuvres de J.B. Rousseau. |
| 250 |
_aNouv. éd. _b7 rev., corr. et augm. sur les manuscrits de l'auteur et conforme à l'édition in 4º donnée par M. Seguy. |
||
| 260 |
_aA Paris : _bchez Ladrange, _c1818. |
||
| 300 |
_a4 v. (XXX, 300 p., [1] h. de lám.; 398; 414 p., [1] h. de lám.; 350 p., [1] h. de lám.) ; _c21 cm. |
||
| 852 |
_aES-MaACL _jG-9800-03 _z-- Enc. pasta española con hierros dorados |
||
| 999 |
_c164020 _d164020 |
||